000 00259nam a2200109Ia 4500
008 210107s9999 xx 000 0 und d
100 _aVarshney, C K
245 0 _aEnvironmental challenges
260 _aNew Delhi
_bWiley Eastern
300 _a131
942 _cBK
999 _c11304
_d11304